<?xml version="1.0" encoding="UTF-8"?>
<record
    xmlns:xsi="http://www.w3.org/2001/XMLSchema-instance"
    xsi:schemaLocation="http://www.loc.gov/MARC21/slim http://www.loc.gov/standards/marcxml/schema/MARC21slim.xsd"
    xmlns="http://www.loc.gov/MARC21/slim">

  <leader>00691nam a2200253Mi 4500</leader>
  <controlfield tag="001">ocn909996679</controlfield>
  <controlfield tag="003">OCoLC</controlfield>
  <controlfield tag="005">20230519130539.0</controlfield>
  <controlfield tag="008">930910s1988    xxu           000 0 eng d</controlfield>
  <datafield tag="020" ind1=" " ind2=" ">
    <subfield code="a">0024278106</subfield>
  </datafield>
  <datafield tag="020" ind1=" " ind2=" ">
    <subfield code="a">9780024278104</subfield>
  </datafield>
  <datafield tag="035" ind1=" " ind2=" ">
    <subfield code="a">(OCoLC)909996679</subfield>
  </datafield>
  <datafield tag="040" ind1=" " ind2=" ">
    <subfield code="a">HUSGD</subfield>
    <subfield code="b">hun</subfield>
    <subfield code="c">HUSGD</subfield>
  </datafield>
  <datafield tag="050" ind1=" " ind2=" ">
    <subfield code="a">PN6014</subfield>
    <subfield code="b">L71</subfield>
  </datafield>
  <datafield tag="080" ind1=" " ind2=" ">
    <subfield code="a">82(4)-822=20</subfield>
  </datafield>
  <datafield tag="100" ind1="1" ind2=" ">
    <subfield code="a">Wilkie, Brian.</subfield>
    <subfield code="9">20566</subfield>
  </datafield>
  <datafield tag="245" ind1="1" ind2="0">
    <subfield code="a">Neoclassicism through the modern period.</subfield>
    <subfield code="n">Vol. 2.</subfield>
  </datafield>
  <datafield tag="260" ind1=" " ind2=" ">
    <subfield code="c">1988.</subfield>
  </datafield>
  <datafield tag="300" ind1=" " ind2=" ">
    <subfield code="a">XXIV, 2328 p.</subfield>
  </datafield>
  <datafield tag="650" ind1=" " ind2="4">
    <subfield code="a">Eur&#xFFFD;opai irodalom</subfield>
    <subfield code="x">antol&#xFFFD;ogia.</subfield>
    <subfield code="9">20567</subfield>
  </datafield>
  <datafield tag="700" ind1="1" ind2=" ">
    <subfield code="a">Hurt, James.</subfield>
    <subfield code="9">20568</subfield>
  </datafield>
  <datafield tag="942" ind1=" " ind2=" ">
    <subfield code="2">lcc</subfield>
    <subfield code="c">BK</subfield>
  </datafield>
  <datafield tag="948" ind1=" " ind2=" ">
    <subfield code="h">NO HOLDINGS IN GHUCC - 1 OTHER HOLDINGS</subfield>
  </datafield>
  <datafield tag="952" ind1=" " ind2=" ">
    <subfield code="0">0</subfield>
    <subfield code="1">0</subfield>
    <subfield code="4">0</subfield>
    <subfield code="7">0</subfield>
    <subfield code="8">OPEN</subfield>
    <subfield code="a">UCCML</subfield>
    <subfield code="b">UCCML</subfield>
    <subfield code="c">FFWW</subfield>
    <subfield code="d">2023-05-19</subfield>
    <subfield code="l">1</subfield>
    <subfield code="o">PN6014.L71</subfield>
    <subfield code="p">30261101284422</subfield>
    <subfield code="r">2023-06-02 00:00:00</subfield>
    <subfield code="s">2023-05-19</subfield>
    <subfield code="w">2023-05-19</subfield>
    <subfield code="y">BK</subfield>
    <subfield code="A">169824</subfield>
  </datafield>
  <datafield tag="999" ind1=" " ind2=" ">
    <subfield code="c">44142</subfield>
    <subfield code="d">44142</subfield>
  </datafield>
</record>
